00973cam a2200217 a 45000010008000000030008000080050017000160080041000330350012000740400021000860820015001072450166001222600036002883000065003245000198003896500029005876500028006166500030006446510040006747000041007141702537BD-DhUL20160622120503.0911202s1912 xxkaf 100 0 eng  a1702537 cBD-DhULdBD-DhUL a380.4bJAL00aLectures on British commerce :bincluding finance, insurance, business and industry /c Frederick Huth Jackson ... [et al.] ; with a preface by W. Pember Reeves. aLondon :bSir I. Pitman,c1912. axvi, 279 p., [2] fold. leaves of plates :bdiagrs. ;c22 cm. aSelected lectures from the fifth international course in commercial education sponsored by the International Society for the Promotion of Commercial Education, in London, July 24-Aug. 11, 1911. 0aShippingzGreat Britain. 0aFinancezGreat Britain. 0aInsurancezGreat Britain. 0aGreat BritainxEconomic conditions.1 aJackson, Frederick Huth,d1863-1921.